Paratitla iuris canonici, sive, Decretalium D. Gregorii Papae IX. summaria ac methodica explicatio : opus, scholae ac foro, et decretis Concilii Tridentini accommodatum. Cui accesserat D. Annonis Schnorremberg commentarium in ejusdem juris regulas / Andreae Vallensis vulgò del Vaulx andanensis, I. U. D. et in alma Academia Lovaniensi ss. canonum professoris ordinarij

Detalles Bibliográficos
Autor principal: Delvaux, André, 1569-1636
Otros Autores: Schnorremberg, Anno, 1667-1715, com, Lizasoain, Joseph Paulinus, com, Escribano, Miguel, imp., librero
Formato: Libro
Lenguaje:Latin
Publicado: [Matriti] : ex typographia Michaelis Escribano. Se hallará en la librería de Don Bernardo Alverá, 1782.
Edición:Editio prima matritensis, qua opus, jam dudum primis foedatum mendis, purgatum prodit; atque quoad loca, quae ex utroque jure, ejusque interpretibus passim in eo allegantur, à qua multùm deviarat, fidelitate ut in plurimum donatum opera et studio Josephi Paulini Lizasoain, presb.
Materias:
Colección:Banco de datos
Acervo:Universidad Autónoma Benito Juárez de Oaxaca. Biblioteca Francisco de Burgoa. Colección antigua
Descripción Física:[8] h., 504, 131 p. ; 4°
Tema general:Derecho eclesiástico
Notas:Portada tipográfica con plecas en grabado xilográfico. Texto a dos columnas con paginación en números arábigos, reclamos y signaturas. Incluye cabecera de título con motivos arabescos en grabado xilográfico. Incluye capitular con motivos arabescos en grabado xilográfico. Encuadernación en piel sobre cartón. Marca de fuego: Casa del Noviciado de la Compañía de Jesús de Oaxaca, Oax. Marca de fuego: Convento de los Carmelitas Descalzos de Oaxaca, Oax.
LEADER 02283nam a22002650004500
035 |a 3775 
041 0 |a lat 
100 1 |a Delvaux, André, 1569-1636 
245 1 0 |a Paratitla iuris canonici, sive, Decretalium D. Gregorii Papae IX. summaria ac methodica explicatio : opus, scholae ac foro, et decretis Concilii Tridentini accommodatum. Cui accesserat D. Annonis Schnorremberg commentarium in ejusdem juris regulas / Andreae Vallensis vulgò del Vaulx andanensis, I. U. D. et in alma Academia Lovaniensi ss. canonum professoris ordinarij 
250 |a Editio prima matritensis, qua opus, jam dudum primis foedatum mendis, purgatum prodit; atque quoad loca, quae ex utroque jure, ejusque interpretibus passim in eo allegantur, à qua multùm deviarat, fidelitate ut in plurimum donatum opera et studio Josephi Paulini Lizasoain, presb.  
260 |a [Matriti] : ex typographia Michaelis Escribano. Se hallará en la librería de Don Bernardo Alverá, 1782. 
300 |a [8] h., 504, 131 p. ; 4° 
500 |a Portada tipográfica con plecas en grabado xilográfico. Texto a dos columnas con paginación en números arábigos, reclamos y signaturas. Incluye cabecera de título con motivos arabescos en grabado xilográfico. Incluye capitular con motivos arabescos en grabado xilográfico. Encuadernación en piel sobre cartón. Marca de fuego: Casa del Noviciado de la Compañía de Jesús de Oaxaca, Oax. Marca de fuego: Convento de los Carmelitas Descalzos de Oaxaca, Oax. 
504 |a Al principio de la obra están el índice de títulos en orden alfabético y el índice de títulos y parágrafos, libros en orden 
504 |a Al final de la obra está el índice regular derecho 
600 1 4 |a Gregorio IX, papa, 1143-1241. Decretales 
650 1 0 |a Derecho eclesiástico 
700 1 |a Schnorremberg, Anno, 1667-1715, com. 
700 1 |a Lizasoain, Joseph Paulinus, com. 
700 1 |a Escribano, Miguel, imp., librero 
740 0 |a Decretalium D. Gregorii Papae IX. summaria ac methodica explicatio 
852 |a Universidad Autónoma "Benito Juárez" de Oaxaca, Biblioteca Francisco de Burgoa, Colección antigua 10088 
942 |c BURANT 
943 |g Universidad Autónoma Benito Juárez de Oaxaca. Biblioteca Francisco de Burgoa. Colección antigua 
999 |c 1114786  |d 1114786